2003-04 Premier League Final Table - Statistics

General Stats
  • This quiz has been taken 14 times
  • The average score is 12 of 20
Answer Stats
Position Team Won Drew Lost GF/GA GD Points % Correct
1 Arsenal 26 12 0 73/26 47 90
100%
2 Chelsea 24 7 7 67/30 37 79
100%
3 Manchester United 23 6 9 64/35 29 75
100%
4 Liverpool 16 12 10 55/37 18 60
90%
5 Newcastle United 13 17 8 52/40 12 56
90%
6 Aston Villa 15 11 12 48/44 4 56
70%
15 Blackburn Rovers 12 8 18 51/59 -8 44
60%
8 Bolton Wanderers 14 11 13 48/56 -8 53
60%
17 Everton 9 12 17 45/57 -12 39
60%
16 Manchester City 9 14 15 55/54 1 41
50%
14 Tottenham Hotspur 13 6 19 47/57 -10 45
50%
7 Charlton Athletic 14 11 13 51/51 0 53
40%
19 Leeds United 8 9 21 40/79 -39 33
40%
18 Leicester City 6 15 17 48/65 -17 33
40%
11 Middlesbrough 13 9 16 44/52 -8 48
40%
13 Portsmouth 12 9 17 47/54 -7 45
40%
10 Birmingham City 12 14 12 43/48 -5 50
30%
9 Fulham 14 10 14 52/46 6 52
30%
12 Southampton 12 11 15 44/45 -1 47
30%
20 Wolverhampton Wanderers 7 12 19 38/77 -39 33
30%
No matching quizzes found
Score Distribution
Percent of People with Each Score
Percentile by Number Answered
Your Score History
You have not taken this quiz